000 00395nam a2200145Ia 4500
008 191201s2001 xx 000 0 und d
082 _a677.02845
_bSPK
100 _aSPENCER, David J
245 0 _aKnitting Technology A Comprehensive Handbook and Practical Guide
250 _a3rd Ed
260 _aEngland
_bWoodhead Publisher
_c2001
300 _a386
650 _aB.Tech(TE)
942 _2ddc
_cBK
999 _c4506
_d4506